[Event "Netanya Open 2019"]
[Site "Netanya"]
[Date "2019.06.27"]
[Round "5.41"]
[White "Guz, Ari"]
[Black "Ehrlich, Roy"]
[Result "1/2-1/2"]
[WhiteElo "2135"]
[BlackElo "1938"]
[PlyCount "101"]
[EventDate "2019.06.23"]
[EventType "swiss"]
[EventRounds "9"]
[EventCountry "ISR"]
[TimeControl "40/5400+30:1800+30"]

1. c4 e6 2. g3 Nf6 3. Bg2 d5 4. Nf3 Be7 5. O-O O-O 6. b3 c5 7. Bb2 Nc6 8. e3 dxc4 9. bxc4 Qc7 10. Qe2 b6 11. Nc3 Bb7 12. Rac1 Rac8 13. Rfd1 Rfd8 14. d3 Qb8 15. h3 Qa8 16. g4 Nb4 17. Ne1 Nd7 18. a3 Bxg2 19. Nxg2 Nc6 20. f4 a6 21. h4 Rb8 22. g5 b5 23. cxb5 axb5 24. h5 c4 25. h6 Nc5 26. d4 Nd3 27. Rxd3 cxd3 28. Qxd3 b4 29. axb4 Nxb4 30. Qd2 Nd5 31. Nd1 Qa2 32. e4 Nb6 33. Qd3 Na4 34. Ba1 Rdc8 35. Nc3 Qa3 36. Qd2 Nxc3 37. Bxc3 Bb4 38. Bb2 Bxd2 39. Rxc8+ Rxc8 40. Bxa3 gxh6 41. gxh6 Rc3 42. Be7 Rd3 43. Kf2 Rxd4 44. Kf3 f5 45. exf5 exf5 46. Bf6 Re4 47. Be5 Kf7 48. Nh4 Re3+ 49. Kf2 Rxe5 50. fxe5 Ke6 51. Nxf5 1/2-1/2

[Event "Netanya Open 2019"]
[Site "Netanya"]
[Date "2019.06.27"]
[Round "5.42"]
[White "Yaniv, Yuval"]
[Black "Regenbogen, Yoseph"]
[Result "1-0"]
[WhiteElo "2132"]
[BlackElo "1806"]
[PlyCount "63"]
[EventDate "2019.06.23"]
[EventType "swiss"]
[EventRounds "9"]
[EventCountry "ISR"]
[TimeControl "40/5400+30:1800+30"]

1. Nf3 d5 2. c4 d4 3. b4 b6 4. e3 dxe3 5. fxe3 e6 6. a3 Be7 7. d4 Nf6 8. Bd3 Bb7 9. Nc3 a5 10. b5 Nbd7 11. O-O Nf8 12. e4 Ng6 13. e5 Nd7 14. Kh1 Ndf8 15. Be4 Bxe4 16. Nxe4 h6 17. Bb2 Qd7 18. Nfd2 Nh7 19. Qh5 O-O 20. Rf3 Rac8 21. Raf1 Bd8 22. a4 Nh8 23. Ba3 Be7 24. Bxe7 Qxe7 25. Nf6+ Nxf6 26. exf6 Qb4 27. fxg7 Kxg7 28. Qe5+ Kh7 29. Ne4 Qe7 30. Nf6+ Kg7 31. Rg3+ Ng6 32. Nh5+ 1-0

[Event "Netanya Open 2019"]
[Site "Netanya"]
[Date "2019.06.27"]
[Round "5.43"]
[White "Gorshtein, Asaf"]
[Black "Lifshits, Raz"]
[Result "1-0"]
[WhiteElo "2109"]
[BlackElo "1749"]
[PlyCount "131"]
[EventDate "2019.06.23"]
[EventType "swiss"]
[EventRounds "9"]
[EventCountry "ISR"]
[TimeControl "40/5400+30:1800+30"]

1. e4 d6 2. d4 Nf6 3. Nc3 Nbd7 4. Be3 g6 5. f3 Bg7 6. Qd2 O-O 7. O-O-O c6 8. h4 b5 9. Kb1 b4 10. Nce2 Qa5 11. g4 h5 12. gxh5 Nxh5 13. Nh3 e5 14. Rg1 Ndf6 15. Ng5 Ba6 16. Ng3 Bxf1 17. Rdxf1 Nxg3 18. Rxg3 Nh5 19. Rgg1 c5 20. dxc5 dxc5 21. Qd5 Rac8 22. Rd1 Nf6 23. Qc4 Rc6 24. Rd3 a6 25. Rgd1 Qb5 26. Qxb5 axb5 27. Rd6 Rfc8 28. Rxc6 Rxc6 29. Rd8+ Bf8 30. Rb8 Nd7 31. Rxb5 f6 32. Nh3 Nb6 33. b3 Kf7 34. Nf2 Nd7 35. Nd3 Ke6 36. Nb2 Nb6 37. Nd3 Nd7 38. Nb2 Nb6 39. Nc4 Nxc4 40. bxc4 Kd7 41. Rb8 Rc8 42. Rxc8 Kxc8 43. c3 bxc3 44. Kc2 Kb7 45. Kxc3 Bd6 46. Kd3 Kc6 47. Bd2 Bc7 48. Bc3 Kd6 49. f4 Ke6 50. fxe5 fxe5 51. a4 Kd6 52. Ke3 Bd8 53. Be1 Ke6 54. Kf3 Kd7 55. Kg4 Ke6 56. Bd2 Bf6 57. Ba5 Kd6 58. Bb6 Kc6 59. a5 Be7 60. h5 gxh5+ 61. Kxh5 Bf8 62. Kg6 Bd6 63. Kf6 Kd7 64. a6 Kc6 65. a7 Kb7 66. Ke6 1-0

[Event "Netanya Open 2019"]
[Site "Netanya"]
[Date "2019.06.27"]
[Round "5.44"]
[White "Neiman, Maks"]
[Black "Brenner, Moshe"]
[Result "1/2-1/2"]
[WhiteElo "1954"]
[BlackElo "2098"]
[PlyCount "52"]
[EventDate "2019.06.23"]
[EventType "swiss"]
[EventRounds "9"]
[EventCountry "ISR"]
[TimeControl "40/5400+30:1800+30"]

1. d4 f5 2. Nc3 d5 3. Nf3 Nf6 4. Bg5 e6 5. e3 Be7 6. Ne5 O-O 7. Bd3 Nbd7 8. Nxd7 Bxd7 9. O-O b6 10. Ne2 c5 11. c4 dxc4 12. Bxc4 b5 13. Bb3 c4 14. Bc2 Bc6 15. b3 Bd6 16. Bf4 g5 17. Bxg5 Bxh2+ 18. Kh1 Bd6 19. f3 Qe8 20. Bf4 Bxf4 21. Nxf4 Nh5 22. Nxh5 Qxh5+ 23. Kg1 Rac8 24. a4 a6 25. axb5 axb5 26. Ra5 Bd5 1/2-1/2

[Event "Netanya Open 2019"]
[Site "Netanya"]
[Date "2019.06.27"]
[Round "5.45"]
[White "Axelrod, Arie"]
[Black "Sobel, Alon"]
[Result "1-0"]
[WhiteElo "2224"]
[BlackElo "1704"]
[PlyCount "93"]
[EventDate "2019.06.23"]
[EventType "swiss"]
[EventRounds "9"]
[EventCountry "ISR"]
[TimeControl "40/5400+30:1800+30"]

1. e4 c5 2. Nf3 e6 3. c3 d6 4. d4 cxd4 5. cxd4 Nf6 6. Nc3 Be7 7. Bd3 O-O 8. h4 h5 9. Qe2 Nc6 10. e5 dxe5 11. dxe5 Ng4 12. Bf4 a6 13. O-O Qc7 14. Ne4 b5 15. Bg3 Qb6 16. Neg5 Bb7 17. Qe4 g6 18. Qf4 Nb4 19. Be4 Nd5 20. Qd2 Rfd8 21. Qc1 Rac8 22. Qb1 Kg7 23. Nxf7 Nc3 24. bxc3 Bxe4 25. Qxe4 Kxf7 26. Rac1 Rc4 27. Nd4 Bc5 28. f3 Bxd4+ 29. cxd4 Rdxd4 30. fxg4+ Kg7 31. Bf2 Rxe4 32. Bxb6 Rxg4 33. Bd8 Rgf4 34. Bf6+ Kf7 35. Bg5 Rxc1 36. Rxc1 Ra4 37. Rc7+ Kf8 38. a3 Kg8 39. Be7 Re4 40. Bd6 Rxh4 41. Re7 Rg4 42. Rxe6 Kf7 43. Re7+ Kg8 44. e6 Rd4 45. Re8+ Kh7 46. e7 Rxd6 47. Rd8 1-0

[Event "Netanya Open 2019"]
[Site "Netanya"]
[Date "2019.06.27"]
[Round "5.46"]
[White "Friedland, Eldar"]
[Black "Hasidovsky, Michael"]
[Result "0-1"]
[WhiteElo "1939"]
[BlackElo "2135"]
[PlyCount "50"]
[EventDate "2019.06.23"]
[EventType "swiss"]
[EventRounds "9"]
[EventCountry "ISR"]
[TimeControl "40/5400+30:1800+30"]

1. d4 Nf6 2. c4 e6 3. Nc3 d5 4. cxd5 exd5 5. Bg5 c6 6. e3 Be7 7. Qc2 Nbd7 8. Bd3 Nf8 9. Nge2 Ne6 10. Bh4 g6 11. O-O Ng7 12. f3 O-O 13. e4 dxe4 14. fxe4 Ne6 15. e5 Nxd4 16. Nxd4 Qxd4+ 17. Bf2 Qxe5 18. Rae1 Qd6 19. Bg3 Qd8 20. Bh4 Be6 21. Bxg6 hxg6 22. Rxe6 fxe6 23. Qxg6+ Kh8 24. Ne4 Qd4+ 25. Kh1 Qxe4 0-1

[Event "Netanya Open 2019"]
[Site "Netanya"]
[Date "2019.06.27"]
[Round "5.47"]
[White "Zalkind, Konstantin"]
[Black "Vagman, Roy"]
[Result "1-0"]
[WhiteElo "2116"]
[BlackElo "1918"]
[PlyCount "81"]
[EventDate "2019.06.23"]
[EventType "swiss"]
[EventRounds "9"]
[EventCountry "ISR"]
[TimeControl "40/5400+30:1800+30"]

1. Nf3 Nf6 2. c4 g6 3. Nc3 d5 4. cxd5 Nxd5 5. Qa4+ Bd7 6. Qh4 Nb6 7. d4 e6 8. Bg5 Be7 9. Qh6 Bxg5 10. Nxg5 Qe7 11. Qg7 Qf8 12. Qf6 h6 13. Nge4 Bc6 14. Qe5 N8d7 15. Qg3 Qb4 16. Nd2 Qxb2 17. Rb1 Qa3 18. e4 Qd6 19. Qe3 O-O-O 20. Be2 h5 21. O-O Ne5 22. Nb3 Ng4 23. Qg3 Qxg3 24. hxg3 Nf6 25. f3 Nbd7 26. Rfc1 b6 27. Na5 Nb8 28. Ba6+ Nxa6 29. Nxc6 Rd7 30. Nb5 Kb7 31. Nbxa7 Ra8 32. Nb5 Nb8 33. Ne5 Re7 34. Rc2 Ra5 35. Nc4 Ra4 36. Rbc1 Rb4 37. Nxc7 Kxc7 38. Na5+ Kd6 39. Nc6 Na6 40. e5+ Kd7 41. Nxb4 1-0

[Event "Netanya Open 2019"]
[Site "Netanya"]
[Date "2019.06.27"]
[Round "5.48"]
[White "Itzhaky, Shmuel"]
[Black "Gerchikov, Pavel"]
[Result "1-0"]
[WhiteElo "2134"]
[BlackElo "1911"]
[PlyCount "93"]
[EventDate "2019.06.23"]
[EventType "swiss"]
[EventRounds "9"]
[EventCountry "ISR"]
[TimeControl "40/5400+30:1800+30"]

1. d4 Nf6 2. Bg5 Ne4 3. Bf4 h6 4. e3 c6 5. Bd3 d5 6. Ne2 Nd7 7. Bxe4 dxe4 8. Nbc3 g5 9. Bg3 f5 10. Nf4 Nf6 11. Ng6 Rg8 12. Ne5 Be6 13. f3 Qb6 14. O-O O-O-O 15. Na4 Qa5 16. Nc5 Qxc5 17. dxc5 Rxd1 18. Raxd1 Nd5 19. Rfe1 Bg7 20. fxe4 fxe4 21. a3 h5 22. h3 h4 23. Bh2 Bf6 24. c4 Nc7 25. Rd4 g4 26. hxg4 Bxg4 27. Rxe4 Bf5 28. Rf4 Be6 29. Rf2 h3 30. Bf4 Bh4 31. g3 Bxg3 32. Bxg3 Rxg3+ 33. Kh2 Rg8 34. Rg1 Rh8 35. Rgf1 Kd8 36. Rf8+ Rxf8 37. Rxf8+ Ne8 38. b4 a6 39. a4 Bc8 40. Nf7+ Kd7 41. Ne5+ Kd8 42. b5 Bd7 43. Nxd7 Kxd7 44. b6 Ng7 45. Rb8 Ne6 46. Rxb7+ Kd8 47. Rxe7 1-0

[Event "Netanya Open 2019"]
[Site "Netanya"]
[Date "2019.06.27"]
[Round "5.49"]
[White "Sheinkman, Lidan"]
[Black "Slobodiansky, Steven"]
[Result "0-1"]
[WhiteElo "1863"]
[BlackElo "2088"]
[PlyCount "82"]
[EventDate "2019.06.23"]
[EventType "swiss"]
[EventRounds "9"]
[EventCountry "ISR"]
[TimeControl "40/5400+30:1800+30"]

{[%evp 0,22,19,31,14,1,16,17,31,31,48,25,7,10,16,31,24,12,26,16,3,-2,-1,2,3]} 1. d4 Nf6 2. c4 e6 3. Nf3 Bb4+ 4. Bd2 a5 5. g3 O-O 6. Bg2 d6 7. O-O Bxd2 8. Nbxd2 Qe7 9. Qc2 e5 10. e4 Bg4 11. b3 Nfd7 12. dxe5 dxe5 13. Nh4 Nc6 14. Ndf3 Nc5 15. h3 Bxf3 16. Nxf3 Ne6 17. Rfd1 Ned4 18. Qb2 Nxf3+ 19. Bxf3 Nd4 20. Rxd4 exd4 21. Qxd4 Rfd8 22. Qb2 Qc5 23. Kg2 Rd3 24. Rc1 Rad8 25. Rc2 Qd4 26. Qc1 Rd2 27. Rxd2 Qxd2 28. Qa3 Qb4 29. Qb2 Qc5 30. e5 c6 31. Bg4 Re8 32. e6 f5 33. Bf3 Rxe6 34. Qd2 h6 35. Qd8+ Kh7 36. Qc8 Rd6 37. Qe8 Rd2 38. Be2 Qd4 39. Qh5 g6 40. Qf3 Qe4 41. a4 Rxe2 0-1

[Event "Netanya Open 2019"]
[Site "Netanya"]
[Date "2019.06.27"]
[Round "5.50"]
[White "Mizrahi, Ido"]
[Black "Leib, Daniel"]
[Result "1-0"]
[WhiteElo "2101"]
[BlackElo "1897"]
[PlyCount "59"]
[EventDate "2019.06.23"]
[EventType "swiss"]
[EventRounds "9"]
[EventCountry "ISR"]
[TimeControl "40/5400+30:1800+30"]

1. d4 d5 2. c4 e6 3. Nc3 Nf6 4. cxd5 exd5 5. Bg5 Be7 6. e3 O-O 7. Qc2 Be6 8. Bd3 h6 9. Bh4 b6 10. Nge2 c5 11. O-O Nc6 12. Bf5 Qd7 13. Bxe6 fxe6 14. Rad1 Nh5 15. Bxe7 Qxe7 16. dxc5 bxc5 17. Na4 Rac8 18. Qxc5 Qh4 19. b3 Ne5 20. Qd4 Qf6 21. Nc5 Qf5 22. h3 Nc6 23. Qg4 Nf6 24. Qxf5 exf5 25. Nf4 Rfd8 26. Rc1 Ne4 27. Rfd1 Nb4 28. Nce6 Nxa2 29. Ra1 Nac3 30. Rxa7 1-0

[Event "Netanya Open 2019"]
[Site "Netanya"]
[Date "2019.06.27"]
[Round "5.51"]
[White "Parnes, Nadav"]
[Black "Smoliar, Klim"]
[Result "1-0"]
[WhiteElo "2072"]
[BlackElo "1871"]
[PlyCount "63"]
[EventDate "2019.06.23"]
[EventType "swiss"]
[EventRounds "9"]
[EventCountry "ISR"]
[TimeControl "40/5400+30:1800+30"]

1. e4 c5 2. Nf3 e6 3. d3 d5 4. Nbd2 Nc6 5. g3 Nf6 6. Bg2 dxe4 7. dxe4 Be7 8. O-O b6 9. Re1 Bb7 10. e5 Nd5 11. c3 a5 12. a4 Qc7 13. h4 h6 14. Nf1 Ba6 15. Qc2 c4 16. Qe4 Nd8 17. Nd4 Nb7 18. Qg4 O-O-O 19. Nxe6 fxe6 20. Qxe6+ Kb8 21. Bxd5 Nc5 22. Qc6 Qxc6 23. Bxc6 Nd3 24. Re4 Nc5 25. Re1 Nd3 26. Re2 Rhf8 27. e6 Rc8 28. Bd7 Rc7 29. Be3 Ka7 30. Bd4 Rg8 31. Ne3 g6 32. Nd5 1-0

[Event "Netanya Open 2019"]
[Site "Netanya"]
[Date "2019.06.27"]
[Round "5.52"]
[White "Tsirilman, Guy"]
[Black "Zhimalov, Adam"]
[Result "1-0"]
[WhiteElo "1798"]
[BlackElo "2044"]
[PlyCount "99"]
[EventDate "2019.06.23"]
[EventType "swiss"]
[EventRounds "9"]
[EventCountry "ISR"]
[TimeControl "40/5400+30:1800+30"]

1. e4 c5 2. Nf3 d6 3. d4 cxd4 4. Nxd4 Nf6 5. Nc3 a6 6. Be3 e5 7. Nb3 Be6 8. h3 h5 9. Qd2 Nbd7 10. O-O-O b5 11. a3 Rc8 12. Kb1 Nb6 13. f4 Qc7 14. fxe5 dxe5 15. Qf2 Nbd7 16. Bd3 Bxa3 17. Nd5 Bxd5 18. exd5 Bd6 19. Rhf1 O-O 20. Bf5 a5 21. g4 a4 22. Nc1 a3 23. Rg1 axb2 24. Nb3 Ra8 25. g5 Qc3 26. Ba7 Bc5 27. gxf6 g6 28. Qg3 Qxg3 29. Rxg3 Rxa7 30. Bxd7 Bf2 31. Rg2 Bd4 32. Rxd4 exd4 33. Bxb5 Rb8 34. Bc6 d3 35. Kxb2 dxc2 36. Rxc2 Rd8 37. Kc3 Rd6 38. Rf2 Rc7 39. Kc4 Rcxc6+ 40. dxc6 Rxc6+ 41. Nc5 Rd6 42. Ne4 Rd8 43. Rf3 Ra8 44. Ng5 Ra4+ 45. Kb5 Rd4 46. Kc5 Ra4 47. Rb3 Ra8 48. Kc6 h4 49. Kc7 Ra7+ 50. Rb7 1-0

[Event "Netanya Open 2019"]
[Site "Netanya"]
[Date "2019.06.27"]
[Round "5.53"]
[White "Cohen, Elad"]
[Black "Zoabi, Jihad"]
[Result "1-0"]
[WhiteElo "1999"]
[BlackElo "1788"]
[PlyCount "101"]
[EventDate "2019.06.23"]
[EventType "swiss"]
[EventRounds "9"]
[EventCountry "ISR"]
[TimeControl "40/5400+30:1800+30"]

1. e4 c5 2. Nf3 e6 3. d4 cxd4 4. Nxd4 Nf6 5. Nc3 d6 6. g3 Nc6 7. Bg2 Bd7 8. O-O Be7 9. Be3 O-O 10. Nxc6 Bxc6 11. f4 Qc7 12. g4 b5 13. g5 Nd7 14. f5 b4 15. Ne2 d5 16. Nd4 Bc5 17. Kh1 Bxd4 18. Bxd4 e5 19. Bg1 dxe4 20. f6 gxf6 21. gxf6 Kh8 22. Be3 Rg8 23. Bh3 Rad8 24. Qh5 Rg6 25. Bf5 Nxf6 26. Qh4 Nd5 27. Bxg6 fxg6 28. Rad1 Re8 29. Qg5 Qe7 30. Qxe7 Rxe7 31. Bh6 Re8 32. Rf8+ Rxf8 33. Bxf8 e3 34. Kg1 Nf4 35. Rd8 Ne6 36. Rc8 Bd7 37. Rb8 Nxf8 38. Rxf8+ Kg7 39. Rf3 Bf5 40. Rxe3 Bxc2 41. Rxe5 a6 42. Re6 Bd3 43. Rb6 Bb5 44. Rd6 b3 45. a3 h5 46. h4 Be2 47. Kf2 Bb5 48. Rb6 Kh6 49. Ke3 Kg7 50. Kd4 Kf7 51. Kc3 1-0

[Event "Netanya Open 2019"]
[Site "Netanya"]
[Date "2019.06.27"]
[Round "5.54"]
[White "Sherman, Reem"]
[Black "Tal-Shahar, Liam"]
[Result "0-1"]
[WhiteElo "1951"]
[BlackElo "1623"]
[PlyCount "96"]
[EventDate "2019.06.23"]
[EventType "swiss"]
[EventRounds "9"]
[EventCountry "ISR"]
[TimeControl "40/5400+30:1800+30"]

1. e4 e5 2. Bc4 Nf6 3. d3 Nc6 4. Nc3 Bb4 5. Bg5 h6 6. Bxf6 Bxc3+ 7. bxc3 Qxf6 8. Ne2 O-O 9. O-O Na5 10. Bb3 Nxb3 11. cxb3 d6 12. Ng3 Bd7 13. Qd2 Qg6 14. c4 b6 15. b4 a5 16. b5 Rae8 17. f3 h5 18. Ne2 f5 19. Nc3 Rf7 20. Nd5 Be6 21. Rac1 f4 22. Qf2 Bxd5 23. cxd5 Qh6 24. Rc6 g5 25. Rfc1 Qg7 26. Kh1 Ree7 27. R1c4 Kh8 28. a4 Kh7 29. Rc1 Qg6 30. h3 Kh8 31. R1c4 Rg7 32. d4 exd4 33. e5 Rxe5 34. Rxc7 Rxc7 35. Rxc7 Qb1+ 36. Kh2 Qd1 37. Rc4 Re3 38. h4 Kg8 39. hxg5 Re1 40. Rc8+ Kf7 41. g6+ Kg7 42. Rc7+ Kh6 43. Qxe1 Qxe1 44. g7 Qg3+ 45. Kg1 d3 46. Rc3 d2 47. Rd3 Qe1+ 48. Kh2 Kxg7 0-1

[Event "Netanya Open 2019"]
[Site "Netanya"]
[Date "2019.06.27"]
[Round "5.55"]
[White "Stolyarsky, Yegor"]
[Black "Sobel, Ido"]
[Result "0-1"]
[WhiteElo "2017"]
[BlackElo "1606"]
[PlyCount "102"]
[EventDate "2019.06.23"]
[EventType "swiss"]
[EventRounds "9"]
[EventCountry "ISR"]
[TimeControl "40/5400+30:1800+30"]

1. d4 e6 2. Nf3 d5 3. e3 Nf6 4. Bd3 c5 5. b3 Nc6 6. Bb2 Bd6 7. O-O Bd7 8. a3 b6 9. Nbd2 Qc7 10. Qe2 cxd4 11. exd4 O-O 12. Ne5 Rad8 13. f4 Bc8 14. Qf2 Ne7 15. Qh4 Bb7 16. Rae1 Ne4 17. Nxe4 dxe4 18. Bc4 b5 19. Bxb5 Qxc2 20. Nc4 e3 21. Qg5 h6 22. Qg4 Qxb3 23. a4 Nf5 24. Ba1 Be4 25. Qh3 Bb4 26. Re2 Bc3 27. Nxe3 Nxd4 28. Ref2 Bxa1 29. Rxa1 Nxb5 30. axb5 Rd3 31. Re1 Rc8 32. Rfe2 Rcc3 33. Kf2 Qxb5 34. Qh4 Qc5 35. g4 a5 36. f5 exf5 37. gxf5 Bxf5 38. Qa4 Bd7 39. Qe4 Bc6 40. Qf4 Qd6 41. Qg4 Qxh2+ 42. Kf1 Qh1+ 43. Kf2 Qe4 44. Qc8+ Kh7 45. Qh3 f5 46. Kf1 a4 47. Kg1 g6 48. Qh2 Rxe3 49. Qc7+ Kg8 50. Qd8+ Be8 51. Qd2 Rg3+ 0-1

[Event "Netanya Open 2019"]
[Site "Netanya"]
[Date "2019.06.27"]
[Round "5.56"]
[White "Iliaguev, Daniel"]
[Black "Kopaloff, Liam"]
[Result "1-0"]
[WhiteElo "2007"]
[BlackElo "1545"]
[PlyCount "75"]
[EventDate "2019.06.23"]
[EventType "swiss"]
[EventRounds "9"]
[EventCountry "ISR"]
[TimeControl "40/5400+30:1800+30"]

1. g3 d5 2. Bg2 Nf6 3. d4 e6 4. Nf3 Bd6 5. O-O O-O 6. c4 b6 7. Nc3 Bb7 8. Qc2 Nbd7 9. Rd1 Rc8 10. b3 Qe7 11. Bb2 Rfd8 12. Rac1 a6 13. Nd2 c5 14. dxc5 Bxc5 15. cxd5 exd5 16. Qf5 Qe6 17. Bh3 Nf8 18. Qxe6 Nxe6 19. Na4 Nd7 20. Nf3 b5 21. Nxc5 Rxc5 22. Nd4 Nxd4 23. Bxd4 Rxc1 24. Rxc1 Rc8 25. Rd1 Rc7 26. e4 Nf8 27. exd5 Bxd5 28. Be5 Bf3 29. Bxc7 Bxd1 30. Bc8 Ne6 31. Bb6 Bc2 32. Bxa6 Bb1 33. a3 Bc2 34. Bxb5 Bxb3 35. Bc6 Bc4 36. f4 g6 37. a4 Kf8 38. Bb7 1-0

[Event "Netanya Open 2019"]
[Site "Netanya"]
[Date "2019.06.27"]
[Round "5.57"]
[White "Noy, Eyal"]
[Black "Schnaidman, Itzhak"]
[Result "1-0"]
[WhiteElo "1858"]
[BlackElo "1474"]
[PlyCount "95"]
[EventDate "2019.06.23"]
[EventType "swiss"]
[EventRounds "9"]
[EventCountry "ISR"]
[TimeControl "40/5400+30:1800+30"]

1. e4 e5 2. Nf3 Nc6 3. Bb5 Bc5 4. O-O Nd4 5. Nxd4 Bxd4 6. c3 Bb6 7. d4 c6 8. Bc4 d6 9. Qd3 Nf6 10. Bg5 h6 11. Bh4 g5 12. Bg3 Nh5 13. dxe5 Nxg3 14. Qxg3 d5 15. exd5 cxd5 16. Rd1 d4 17. cxd4 Bxd4 18. Qd3 Bg4 19. Rd2 Bxe5 20. Qe4 Qe7 21. Bb5+ Kf8 22. Qxg4 Bxh2+ 23. Kxh2 Qe5+ 24. Qg3 Qxb5 25. Nc3 Qb4 26. Rad1 Kg7 27. Qe5+ Kh7 28. Rd7 Rhf8 29. Qf6 Qh4+ 30. Kg1 Qh5 31. Rxb7 Rac8 32. Rdd7 Kg8 33. Rxa7 Rce8 34. Re7 Rd8 35. Rad7 Rc8 36. Rd2 Rcd8 37. Rxd8 Rxd8 38. Rxf7 Rd1+ 39. Nxd1 Qxd1+ 40. Kh2 Qh5+ 41. Kg3 Qh4+ 42. Kf3 Qh5+ 43. Ke3 Qxf7 44. Qxf7+ Kxf7 45. g4 Ke6 46. a4 Kd5 47. a5 Kc5 48. b4+ 1-0

[Event "Netanya Open 2019"]
[Site "Netanya"]
[Date "2019.06.27"]
[Round "5.58"]
[White "Lomakin, Vladimir"]
[Black "Yusupoff, Yoav"]
[Result "0-1"]
[WhiteElo "1430"]
[BlackElo "1874"]
[PlyCount "64"]
[EventDate "2019.06.23"]
[EventType "swiss"]
[EventRounds "9"]
[EventCountry "ISR"]
[TimeControl "40/5400+30:1800+30"]

1. e4 c5 2. Nf3 e6 3. d4 cxd4 4. Nxd4 a6 5. Nc3 b5 6. a3 Qc7 7. Be2 Bb7 8. O-O Nf6 9. Bf3 d6 10. Re1 Nbd7 11. Nb3 Ne5 12. Bf4 Nfd7 13. Be2 Be7 14. Bg3 O-O 15. f4 Nc4 16. Rb1 Nxa3 17. Nxb5 Nxb5 18. c4 Na7 19. e5 dxe5 20. fxe5 Nc6 21. Bd3 Rfd8 22. Bxh7+ Kxh7 23. Qh5+ Kg8 24. c5 Nxc5 25. Rf1 Bf8 26. Nxc5 Bxc5+ 27. Kh1 Rd2 28. Rf4 Nd4 29. Bf2 Nf5 30. Rc1 Rxf2 31. Rxf2 Qxe5 32. Rfc2 Ng3+ 0-1

[Event "Netanya Open 2019"]
[Site "Netanya"]
[Date "2019.06.27"]
[Round "5.59"]
[White "Shetah, Roi"]
[Black "Kinberg, Raz"]
[Result "1-0"]
[WhiteElo "1836"]
[BlackElo "1385"]
[PlyCount "55"]
[EventDate "2019.06.23"]
[EventType "swiss"]
[EventRounds "9"]
[EventCountry "ISR"]
[TimeControl "40/5400+30:1800+30"]

1. e4 e5 2. Nf3 Nc6 3. Bc4 Bc5 4. O-O Nf6 5. d3 d6 6. a4 a6 7. c3 Bb6 8. h3 O-O 9. Nbd2 h6 10. Bb3 Qe7 11. Nc4 Ba7 12. a5 Bd7 13. Be3 Kh7 14. Bxa7 Rxa7 15. Bc2 Be6 16. Ne3 g5 17. d4 Bd7 18. Nd5 Qd8 19. dxe5 Ne8 20. exd6 cxd6 21. e5+ Kg7 22. Qd3 Rh8 23. Nb6 Be6 24. exd6 Qxd6 25. Qe3 Nc7 26. Rad1 Qe7 27. Nd4 Qc5 28. Nf5+ 1-0

[Event "Netanya Open 2019"]
[Site "Netanya"]
[Date "2019.06.27"]
[Round "5.60"]
[White "Segev, Ido"]
[Black "Zilbershtein, Victor"]
[Result "0-1"]
[WhiteElo "1382"]
[BlackElo "1756"]
[PlyCount "76"]
[EventDate "2019.06.23"]
[EventType "swiss"]
[EventRounds "9"]
[EventCountry "ISR"]
[TimeControl "40/5400+30:1800+30"]

1. d4 Nf6 2. c4 c5 3. Nf3 cxd4 4. Nxd4 g6 5. Nc3 Bg7 6. g3 O-O 7. Bg2 Nc6 8. e3 a6 9. O-O Ne5 10. b3 d6 11. h3 Rb8 12. f4 Ned7 13. Ba3 Qa5 14. Qc1 Qc7 15. f5 Ne5 16. fxg6 hxg6 17. Nf3 Nh5 18. Qe1 Qa5 19. Bb2 Nd3 20. Qd2 Nxb2 21. Nd5 Qxd2 22. Nxd2 Re8 23. g4 Nf6 24. Nb6 Nd3 25. Nxc8 Rexc8 26. Rad1 Nc5 27. b4 Ne6 28. Bd5 Nc7 29. Bg2 b5 30. cxb5 Nxb5 31. g5 Nd7 32. Rf2 Ne5 33. Nf3 Nxf3+ 34. Rxf3 Nc3 35. Rdf1 f5 36. gxf6 Bxf6 37. Rg3 Kh7 38. h4 Ne2+ 0-1

[Event "Netanya Open 2019"]
[Site "Netanya"]
[Date "2019.06.27"]
[Round "5.61"]
[White "Ribstein, Orel"]
[Black "Fudim, Basya"]
[Result "1/2-1/2"]
[WhiteElo "1697"]
[BlackElo "1332"]
[PlyCount "53"]
[EventDate "2019.06.23"]
[EventType "swiss"]
[EventRounds "9"]
[EventCountry "ISR"]
[TimeControl "40/5400+30:1800+30"]

1. d4 d5 2. Nf3 Nf6 3. c4 c6 4. g3 dxc4 5. Bg2 g6 6. O-O Bg7 7. Ne5 O-O 8. Na3 Nbd7 9. Naxc4 Nb6 10. Nxb6 axb6 11. e3 Be6 12. a3 Qb8 13. Nd3 Rd8 14. Qe2 Bc4 15. Qc2 Ba6 16. Rd1 Ne8 17. Rb1 e5 18. dxe5 Bxe5 19. b3 Bg7 20. a4 Qd6 21. Bf1 Qe7 22. Bg2 Rd7 23. Bb2 Rad8 24. Bf1 Nf6 25. Nf4 Bxf1 26. Kxf1 Ne4 27. Ke2 1/2-1/2

[Event "Netanya Open 2019"]
[Site "Netanya"]
[Date "2019.06.27"]
[Round "5.62"]
[White "Neeman, Ori"]
[Black "Neeman, Gal"]
[Result "0-1"]
[WhiteElo "1285"]
[BlackElo "1661"]
[PlyCount "76"]
[EventDate "2019.06.23"]
[EventType "swiss"]
[EventRounds "9"]
[EventCountry "ISR"]
[TimeControl "40/5400+30:1800+30"]

1. e4 c5 2. d3 Nc6 3. Be3 e6 4. Nf3 Qc7 5. a3 Nf6 6. Nbd2 d5 7. g3 h6 8. Nb3 d4 9. Bf4 e5 10. Bd2 Be7 11. c3 Be6 12. cxd4 cxd4 13. Qc2 Qb6 14. Nc1 Rc8 15. Rb1 Nb4 16. Qa4+ Bd7 17. Qb3 Nc2+ 18. Ke2 Qa6 19. Nxe5 Be6 20. Nc4 Rxc4 21. dxc4 Bxc4+ 22. Kf3 Qc6 23. Qxc2 Be2+ 24. Bxe2 Qxc2 25. Nd3 Qxd2 26. Rhd1 Qa5 27. Nf4 Qe5 28. Bd3 O-O 29. Re1 Rc8 30. Kg2 g5 31. Nh3 Nd7 32. Rbc1 Rxc1 33. Rxc1 Nc5 34. Bc4 d3 35. Bd5 Qxb2 36. Rd1 d2 37. Kf1 Qc2 38. Ke2 Qd3# 0-1

[Event "Netanya Open 2019"]
[Site "Netanya"]
[Date "2019.06.27"]
[Round "5.63"]
[White "Usha Margolin, Daniel"]
[Black "Kadosh, Lior"]
[Result "0-1"]
[WhiteElo "1437"]
[BlackElo "1649"]
[PlyCount "46"]
[EventDate "2019.06.23"]
[EventType "swiss"]
[EventRounds "9"]
[EventCountry "ISR"]
[TimeControl "40/5400+30:1800+30"]

1. e4 e5 2. Nf3 Nc6 3. Nc3 Nf6 4. Bb5 Bb4 5. O-O O-O 6. d3 d6 7. Bg5 Bxc3 8. bxc3 h6 9. Bh4 Bg4 10. Re1 g5 11. Bg3 Ne7 12. h4 gxh4 13. Bxh4 Ng6 14. Bg3 Nh5 15. d4 Qf6 16. Be2 Nhf4 17. Rb1 b6 18. d5 Qg7 19. Qd2 h5 20. Kf1 h4 21. Bxf4 Nxf4 22. Ng1 Bxe2+ 23. Nxe2 Qxg2# 0-1

[Event "Netanya Open 2019"]
[Site "Netanya"]
[Date "2019.06.27"]
[Round "5.65"]
[White "Scheinfeild, Michael"]
[Black "Lisnovetzky, Daniel"]
[Result "1-0"]
[WhiteElo "1582"]
[BlackElo "1320"]
[PlyCount "40"]
[EventDate "2019.06.23"]
[EventType "swiss"]
[EventRounds "9"]
[EventCountry "ISR"]
[TimeControl "40/5400+30:1800+30"]

1. Nf3 Nf6 2. d4 c5 3. e3 e6 4. c4 d5 5. Nc3 Nc6 6. Be2 b6 7. O-O g6 8. cxd5 exd5 9. Bb5 Bb7 10. Ne5 Qc7 11. Qf3 Bg7 12. Nxd5 Nxd5 13. Qxd5 O-O 14. Nxc6 Rfd8 15. Qe4 cxd4 16. exd4 a6 17. Bf4 Rxd4 18. Qxd4 Bxd4 19. Bxc7 Bxc6 20. Bxc6 Rc8 1-0

[Event "Netanya Open 2019"]
[Site "Netanya"]
[Date "2019.06.27"]
[Round "5.66"]
[White "Havakuk, Elad"]
[Black "Lazebnikov, Efim"]
[Result "0-1"]
[WhiteElo "1350"]
[BlackElo "1444"]
[PlyCount "66"]
[EventDate "2019.06.23"]
[EventType "swiss"]
[EventRounds "9"]
[EventCountry "ISR"]
[TimeControl "40/5400+30:1800+30"]

1. e4 e6 2. d4 b6 3. g3 Bb7 4. Bg2 g6 5. Nc3 Bg7 6. Nf3 Ne7 7. O-O O-O 8. Re1 c5 9. e5 cxd4 10. Nxd4 Bxg2 11. Kxg2 Nbc6 12. Nf3 a6 13. a4 Qc7 14. Bf4 h6 15. h4 Qb7 16. Ne4 Nd5 17. Nd6 Nxf4+ 18. gxf4 Qc7 19. c3 Ne7 20. Nd4 Nd5 21. Qf3 f6 22. Qe4 fxe5 23. fxe5 Nf4+ 24. Kh1 Qd8 25. Nf3 g5 26. hxg5 hxg5 27. Rg1 Nh3 28. Rg2 Rf4 29. Qd3 g4 30. Qg6 Rxf3 31. Rxg4 Nxf2+ 32. Kg2 Nxg4 33. Kxf3 Nxe5+ 0-1